Statistics for Страны от А до Я

Click here to take the quiz!

General Stats

  • This quiz has been taken 262 times
  • The average score is 8 of 27

Answer Stats

БукваСтрана% Correct
ААвстралия
60%
РРоссия
57%
ЯЯпония
52%
УУкраина
46%
ББеларусь
44%
ЧЧехия
41%
ХХорватия
40%
ЭЭстония
36%
ШШвеция
36%
ФФинляндия
35%
ЙЙемен
34%
ДДания
34%
ЛЛатвия
31%
ККазахстан
28%
ООман
26%
ИИндия
24%
ГГреция
23%
ЗЗамбия
23%
ППольша
22%
ЕЕгипет
22%
ЮЮжно-Африканская Республика
22%
ВВенесуэла
19%
ЦЦентральноафриканская республика
18%
ННидерланды
16%
ССербия
14%
ММолдавия
13%
ТТайланд
12%

Score Distribution

Percentile by Number Answered

Percent of People with Each Score

Your Score History

You have not taken this quiz